Strength of materials : (mechanics of solids) in SI units (Record no. 5523)

MARC details
000 -LEADER
fixed length control field 00326nam a2200121Ia 4500
008 - FIXED-LENGTH DATA ELEMENTS--GENERAL INFORMATION
fixed length control field 150201s2012 xx 000 0 und d
082 ## - DEWEY DECIMAL CLASSIFICATION NUMBER
Classification number 620.112
Item number RAJ
100 ## - MAIN ENTRY--PERSONAL NAME
Personal name Rajput.R.K.
245 ## - TITLE STATEMENT
Title Strength of materials : (mechanics of solids) in SI units
260 ## - PUBLICATION, DISTRIBUTION, ETC. (IMPRINT)
Name of publisher, distributor, etc. S.Chand
Place of publication, distribution, etc. N.Delhi
Date of publication, distribution, etc. 2012
300 ## - PHYSICAL DESCRIPTION
Extent 1448p.
942 ## - ADDED ENTRY ELEMENTS (KOHA)
Source of classification or shelving scheme Dewey Decimal Classification
Koha item type Books
Koha issues (borrowed), all copies 6
Holdings
Withdrawn status Lost status Source of classification or shelving scheme Damaged status Not for loan Home library Current library Date acquired SGTU Total Checkouts Total Renewals Full call number Barcode Date last seen Date last checked out Bill Date Koha item type
    Dewey Decimal Classification     SGT Engineering Library SGT Engineering Library 30/05/2013 SGTU 12 1 620.112 RAJ FE5738 29/08/2024 05/08/2024 09/02/2015 Books
    Dewey Decimal Classification     SGT Engineering Library SGT Engineering Library 30/05/2013 SGTU 12 4 620.112 RAJ FE5739 11/02/2022 22/12/2021 09/02/2015 Books